1519 1681 1315 1476 1321 1251 1362 1996 1344 1308 1547 1449 1494 1058 1473 1229 1827 1159 1921 1427 1742 1430 1694 1790 1809 1593 1727 1322 1952 1587 1613 1416 1727 1581 1210 1890 1688 1055 1744 1419 1943 1908 1053 1890 1612 1429 1293 1664 1420 1668 1252 1582 1877 1321 1482 1173 1753 1093 1311 1812 1460 1146 1085 1774 1054 1135 1999 1247 1354 1495 1309 1260 1748 1868 1338 1982 1920 1552 1939 1510 1766 1301 1363 1639 1118 1554 1801 1489 1168 1608 1035 1305 1719 1961 1181 1652 1116 1712 1502 BCNSPRNW ULIB Ver.6.0+V

เปลี่ยนเป็นภาษาไทย

Change to English
 แสดงรายละเอียดบรรณานุกรม
  กลับหน้าหลัก

Brief Record : Get Marc (ISO 2709) : E-mail record : QR code < ปิดหน้าต่าง
LEADER : 00000nam 2200000uu 4500
001    13399123877
003     ULIB
008    141212s2555||||th 000 0 tha d
020    ^a9786165052191
050  4 ^aCB195^bส747อ ล.2
110 2  ^aมหาวิทยาลัยสุโขทัยธรรมาธิราช.^bสาขาวิชาศิลปศาสตร์
245 10 ^aเอกสารการสอนชุดวิชาอารยธรรมมนุษย์ =^bHuman civilizationหน่วยที่6-10 /^cสาขาวิชาศิลปศาสตร์มหาวิทยาลัยสุโขทัยธรรมาธิราช
246 30 ^aอารยธรรมมนุษย์
250    พิมพ์ครั้งที่ 6(ฉบับปรับปรุงครั้งที่3)
260    ^aนนทบุรี :^bสาขาวิชาศิลปศาสตร์ มหาวิทยาลัยสุโขทัยธรรมาธิราช,^c2555
300    3 เล่ม :^bภาพประกอบ, แผนที่
505 0  ^aล.2 หน่วยที่ 6-10
650  7 ^aประวัติศาสตร์โลก
650  7 ^aอารยธรรม
945    ^p250^l0^i22477
945    ^p250^l0^i22478
945    ^p250^l0^i22479
945    ^p250^l0^i22480
945    ^p250^l0^i22481
945    ^p250^l0^i22482
945    ^p250^l0^i22483
945    ^p250^l0^i22484
999    ^aทศพร เกษรทอง
รายการนี้ยังไม่มีแท็ก
คุณยังไม่ได้ล็อกอิน คุณสามารถมีกิจกรรมร่วมกับเว็บไซต์ได้ แต่ต้องล็อกอินก่อน ::
  ล็อกอิน

รายการสื่อสารสนเทศ

ลำดับที่ ประเภท เลขเรียก/บาร์โค้ด สถานที่ สถานะ
1. การศึกษาทั่วไป
หนังสือสำรอง
สถานะ=หนังสือสำรอง
CB195 ส747อ ล.2 ฉ.1 
  Barcode: 22477
ห้องสมุดวิทยาเขตนครสวรรค์
►ส่วนจัดเก็บหนังสือเก่า นว.
บนชั้น
  ขอยืม
2. การศึกษาทั่วไป
การศึกษาทั่วไป
CB195 ส747อ ล.2 ฉ.2 
  Barcode: 22478
ห้องสมุดวิทยาเขตนครสวรรค์
►ส่วนจัดเก็บหนังสือเก่า นว.
บนชั้น
  ขอยืม
3. การศึกษาทั่วไป
การศึกษาทั่วไป
CB195 ส747อ ล.2 ฉ.3 
  Barcode: 22479
ห้องสมุดวิทยาเขตนครสวรรค์
►ส่วนจัดเก็บหนังสือเก่า นว.
บนชั้น
  ขอยืม
4. การศึกษาทั่วไป
การศึกษาทั่วไป
CB195 ส747อ ล.2 ฉ.4 
  Barcode: 22480
ห้องสมุดวิทยาเขตนครสวรรค์
►ส่วนจัดเก็บหนังสือเก่า นว.
บนชั้น
  ขอยืม
5. การศึกษาทั่วไป
การศึกษาทั่วไป
CB195 ส747อ ล.2 ฉ.5 
  Barcode: 22481
ห้องสมุดวิทยาเขตนครสวรรค์
►ส่วนจัดเก็บหนังสือเก่า นว.
บนชั้น
  ขอยืม
6. การศึกษาทั่วไป
การศึกษาทั่วไป
CB195 ส747อ ล.2 ฉ.6 
  Barcode: 22482
ห้องสมุดวิทยาเขตนครสวรรค์
►ส่วนจัดเก็บหนังสือเก่า นว.
บนชั้น
  ขอยืม
7. การศึกษาทั่วไป
การศึกษาทั่วไป
CB195 ส747อ ล.2 ฉ.7 
  Barcode: 22483
ห้องสมุดวิทยาเขตนครสวรรค์
►ส่วนจัดเก็บหนังสือเก่า นว.
บนชั้น
  ขอยืม
8. การศึกษาทั่วไป
การศึกษาทั่วไป
CB195 ส747อ ล.2 ฉ.8 
  Barcode: 22484
ห้องสมุดวิทยาเขตนครสวรรค์
►ส่วนจัดเก็บหนังสือเก่า นว.
บนชั้น
  ขอยืม

รายการใกล้เคียง
    หัวเรื่อง [ประวัติศาสตร์โลก]
    หัวเรื่อง [อารยธรรม]

BibComment


ยังไม่เคยถูกคอมเมนท์

คอมเมนท์ทรัพยากรรายการนี้
  คอมเมนท์: เอกสารการสอนชุดว..


 Copyright 2026. Bcnsprnw @Library